Computers under attack: intruders, worms, and viruses
Salvato in:
| Autore principale: | |
|---|---|
| Natura: | Libro |
| Lingua: | inglese |
| Pubblicazione: |
Reading
Addison-Wesley
1990
|
| Soggetti: | |
| Tags: |
Aggiungi Tag
Nessun Tag, puoi essere il primo ad aggiungerne!!
|
MARC
| LEADER | 00000nam a2200000 a 4500 | ||
|---|---|---|---|
| 001 | UCV5594 | ||
| 003 | CL-VaPUC | ||
| 008 | 920611e19900000US |||||||||||||||||eng|d | ||
| 082 | 0 | 4 | |a 005.8 |b DEN |2 21 |
| 100 | 0 | |a Denning, Peter J |e author |9 299900 | |
| 245 | 1 | 0 | |a Computers under attack: intruders, worms, and viruses |
| 300 | |a 554 p | ||
| 942 | |c BK | ||
| 945 | |d 19920611 00:00:00 | ||
| 260 | |a Reading |b Addison-Wesley |c 1990 | ||
| 650 | 0 | |a Virus computacional |9 262422 | |
| 650 | 0 | |a Computadores |9 258188 | |
| 650 | 7 | |a CONTROL DE ACCESO |2 CL-VaPUC |9 262423 | |
| 583 | |a last modification |c 19920611 00:00:00 |k Rodrigo Vera | ||
| 999 | |c 212053 |d 212051 | ||
| 952 | |0 0 |1 0 |4 0 |6 005_800000000000000_DEN_1990 |7 0 |8 A |9 192409 |a BIBING |b BIBING |d 2019-11-14 |i 2598590 |o 005.8 DEN 1990 |p 2598590 |r 2025-01-20 |w 2019-11-14 |y BK |k CCI | ||